Sobstvennosť i upravlenije.

Deľba práva vlastníctva a funkcií riadenia pri vytváraní mnohosystémovej ekonomiky. Proces modifikácie organizačných štruktúr riadenia, konkrétnych foriem a metód koordinácie výrobno-odbytových a hospodárskych vzťahov. Program rozvoja a podpory malých podnikov.

Na minha lista:
Detalhes bibliográficos
Autor principal: Mil'ner, B.
Formato: Capítulo de Livro
Idioma:russo
Assuntos:
Tags: Adicionar Tag
Sem tags, seja o primeiro a adicionar uma tag!

MARC

LEADER 00000naa a2200000 4500
001 r004270
005 20221208123336.4
041 0 |a rus 
044 |a [SU] 
245 1 0 |a Sobstvennosť i upravlenije.  |c B. Mil'ner 
520 |a Deľba práva vlastníctva a funkcií riadenia pri vytváraní mnohosystémovej ekonomiky. Proces modifikácie organizačných štruktúr riadenia, konkrétnych foriem a metód koordinácie výrobno-odbytových a hospodárskych vzťahov. Program rozvoja a podpory malých podnikov. 
610 2 0 |a vlastníctvo 
610 2 0 |a štruktúra riadenia 
610 2 0 |a výroba 
610 2 0 |a odbyt 
610 2 0 |a podnik malý 
610 2 0 |a funkcie riadenia 
100 1 |a Mil'ner, B.